Estadísticas para Rosco de Pasapalabra #98

Haz click aquí para intentar la prueba.

Estadísticas generales

  • Esta prueba ha sido intentada 91 veces
  • La puntuación promedio es 11 de 25

Estadísticas de respuestas

InicialDefiniciónRespuesta% Correcto
AEspecie de traje compuesto de piezas de hierro con que se cubrían el cuerpo los guerreros para protegerseArmadura
98%
BCiencia que estudia los seres vivos considerando su estructura, evolución, distribución y relacionesBiología
98%
LDisco de cristal cóncavo o convexo, que se emplea para aparatos y utensilios de ópticaLente
88%
DCada una de las puntas o resaltos que presentan ciertos instrumentos o herramientas, como la sierraDiente
80%
PParte inferior y algo cóncava de la mano, desde la muñeca hasta los dedosPalma
80%
Contiene la QCometer un delitoDelinquir
78%
JEn tenis y otros deportes, cada una de las partes en que se divide un setJuego
78%
EArte de manejar la espada y el sable para combatirEsgrima
72%
NElegir a una persona para desempeñar un cargo o empleoNombrar
68%
Contiene la YPrestar cooperaciónAyudar
63%
FEn la antigua Roma, plaza donde se trataban los negocios públicos y se celebraban los juiciosForo
60%
ITendencia innata en los animales o en el ser humano hacia cierta conductaInstinto
48%
VGesto, papeleta u otro objeto con que se expresa una preferencia ante una opciónVoto
48%
HCosa que se dice para adular o lisonjearHalago
46%
SRelación de solidaridad entre las mujeres, especialmente en la lucha por su empoderamientoSororidad
32%
ROrden acompasado en la sucesión o acaecimiento de las cosasRitmo
26%
Contiene la ÑMamífero carnívoro similar a la comadreja, de piel parda en verano y blanca en invierno, muy apreciada en peleteríaArmiño
20%
OArgumento que alguien opone a un plan o exposición semejanteObjeción
17%
CTerminarse un plazoCumplir
6%
Contiene la XAvión o avioneta de alquiler, destinado al tráfico no regularAerotaxi
3%
MMasa de metal que, cuando se funden grandes piezas en moldes verticales, queda sobrante en la parte superiorMazarota
3%
UMoneda romana de cobre, que pesaba y valía la duodécima parte del asUncia
3%
TProvincia de Argelia en la que se encuentra el parque nacional de Theniet El-HaâdTissemsilt
2%
ZApellido del pintor autor de la obra "Abuelos y nietos en la costa", de 1978Zumeta
2%
GEn el desierto del Sáhara, zona baja de subsuelo húmedo en la que pueden crecer pastos y cultivosGrara
0%

Distribución de puntuación

Porcentaje por número respondido

Porcentaje de gente con cada puntuación

Historial de tus puntuaciones

No has intentado esta prueba.